Politics and parenthood: an examination of UK party leadership elections (Record no. 510450)

000 -LEADER
fixed length control field 00512nam a2200169 4500
008 - FIXED-LENGTH DATA ELEMENTS--GENERAL INFORMATION
fixed length control field 190818b ||||| |||| 00| 0 eng d
100 ## - MAIN ENTRY--PERSONAL NAME
Personal name Smith, Jessica C.
245 ## - TITLE STATEMENT
Title Politics and parenthood: an examination of UK party leadership elections
260 ## - PUBLICATION, DISTRIBUTION, ETC. (IMPRINT)
Date of publication, distribution, etc 2018
300 ## - PHYSICAL DESCRIPTION
Extent p.196-217.
650 ## - SUBJECT ADDED ENTRY--TOPICAL TERM
Topical term or geographic name as entry element Elections - United Kingdom
9 (RLIN) 8492
650 ## - SUBJECT ADDED ENTRY--TOPICAL TERM
Topical term or geographic name as entry element Gender
9 (RLIN) 8493
650 ## - SUBJECT ADDED ENTRY--TOPICAL TERM
Topical term or geographic name as entry element Leadership
9 (RLIN) 8494
773 ## - HOST ITEM ENTRY
Main entry heading Parliamentary Affairs
906 ## - LOCAL DATA ELEMENT F, LDF (RLIN)
Subject DIP Political parties - United Kingdom
942 ## - ADDED ENTRY ELEMENTS (KOHA)
Source of classification or shelving scheme
Item type Articles
Holdings
Withdrawn status Lost status Source of classification or shelving scheme Damaged status Not for loan Permanent location Current location Date acquired Serial Enumeration / chronology Barcode Date last seen Koha item type
          Indian Institute of Public Administration Indian Institute of Public Administration 2019-08-18 71(1), Jan, 2018: p.196-217. AR120330 2019-08-18 Articles

Powered by Koha